Biggest Rock Songs by Band - Hard - Statistics

General Stats
  • This quiz has been taken 40 times
    18 since last reset
  • The average score is 76 of 236
Answer Stats
Hint Answer % Correct
Queen Bohemian Rhapsody
100%
AC/DC Back in Black
89%
Black Sabbath Paranoid
89%
Bon Jovi Livin' on a Prayer
78%
Metallica Master of Puppets
78%
Nirvana Smells like Teen Spirit
78%
Deep Purple Smoke on the Water
78%
Lynyrd Skynyrd Sweet Home Alabama
78%
Europe The Final Countdown
78%
Red Hot Chili Peppers Californication
67%
Poison Every Rose has its Thorn
67%
The Beatles Hey Jude
67%
The Eagles Hotel California
67%
KISS I Was Made for Lovin' You
67%
Motley Crue Kickstart My Heart
67%
Boston More than a Feeling
67%
Billy Joel Piano Man
67%
Def Leppard Pour Some Sugar on Me
67%
Billy Idol Rebel Yell
67%
Guns N' Roses Sweet Child O' Mine
67%
Iron Maiden The Trooper
67%
Motorhead Ace of Spades
56%
TOTO Africa
56%
Heart Barracuda
56%
Green Day | Hanoi Rocks Boulevard of Broken Dreams
56%
Judas Priest Breaking the Law
56%
Evanescence Bring Me to Life
56%
System of a Down Chop Suey
56%
Aerosmith Dream On
56%
Creedence Clearwater Revival Fortunate Son
56%
The Beach Boys Good Vibrations
56%
The Animals House of the Rising Sun
56%
The Rolling Stones (I can't get no) Satisfaction
56%
Joan Jett and the Blackhearts I Love Rock n Roll
56%
Linkin Park In the End
56%
Twisted Sister I Wanna Rock
56%
Chuck Berry Johnny B. Goode
56%
The Clash London Calling
56%
Alice in Chains Man in the Box
56%
The Killers Mr. Brightside
56%
Alice Cooper Poison
56%
Scorpions Rock You like a Hurricane
56%
ZZTop Sharp Dressed Man
56%
Led Zeppelin Stairway to Heaven
56%
Fleetwood Mac The Chain
56%
Rush Tom Sawyer
56%
The Smashing Pumpkins 1979
44%
The Jimi Hendrix Experience All Along the Watchtower
44%
Smash Mouth All Star
44%
Pink Floyd Another Brick in the Wall Pt. 2
44%
Soundgarden Blackhole Sun
44%
Blondie Call Me
44%
Ozzy Osbourne Crazy Train
44%
Radiohead Creep
44%
Journey Don't Stop Believin'
44%
Pearl Jam Even Flow
44%
The Police Every Breath You Take
44%
Tom Petty and the Heartbreakers Free Fallin'
44%
Three Days Grace I Hate Everything About You
44%
Van Halen Jump
44%
Audioslave Like a Stone
44%
R.E.M. Losing My Religion
44%
Electric Light Orchestra Mr. Blue Sky
44%
Talking Heads Psycho Killer
44%
Dio Rainbow in the Dark
44%
Yes Roundabout
44%
Blur Song 2
44%
David Bowie Starman
44%
Bee Gees Stayin' Alive
44%
Foo Fighters The Pretender
44%
Oasis Wonderwall
44%
The Kinks You Really Got Me
44%
Skid Row 18 and Life
33%
The Guess Who American Woman
33%
Sex Pistols Anarchy in the U.K.
33%
Ramones Blitzkrieg Bop
33%
Steppenwolf Born to be Wild
33%
The Runaways Cherry Bomb
33%
Warrant Cherry Pie
33%
Living Colour Cult of Personality
33%
Quiet Riot Cum on Feel the Noize
33%
Slade Cum On Feel the Noize
33%
Blue Oyster Cult (Don't Fear) The Reaper
33%
Survivor Eye of the Tiger
33%
Lenny Kravitz Fly Away
33%
Sweet Fox on the Run
33%
Avenged Sevenfold Hail to the King
33%
Whitesnake Here I Go Again
33%
Creed Higher
33%
Pat Benatar Hit Me with Your Best Shot
33%
Nickelback How You Remind Me
33%
Stone Temple Pilots Interstate Love Song
33%
The Goo Goo Dolls Iris
33%
The Stooges I Wanna Be Your Dog
33%
Foreigner I Want to Know What Love is
33%
The Cure Just like Heaven
33%
3 Doors Down Kryptonite
33%
The Stokes Last Nite
33%
Derek and the Dominos Layla
33%
The Doors Light my Fire
33%
Daryl Hall and John Oates Maneater
33%
Paramore Misery Business
33%
Extreme More than Words
33%
George Harrison My Sweet Lord
33%
Cinderella Nobody's Fool
33%
Dream Theater Pull Me Under
33%
Slayer Raining Blood
33%
Ratt Round and Round
33%
The White Stripes Seven Nation Army
33%
Foghat Slow Ride
33%
Dire Straits Sultans of Swing
33%
U2 Sunday Bloody Sunday
33%
Cream Sunshine of Your Love
33%
Megadeth Symphony of Destruction
33%
Steve Miller Band The Joker
33%
Billy Squier The Stroke
33%
Autograph Turn Up the Radio
33%
Little Richard and the Upsetters Tutti Frutti
33%
Spin Doctors Two Princes
33%
My Chemical Romance Welcome to the Black Parade
33%
Bachman-Turner Overdrive You Ain't Seen Nothing Yet
33%
Free All Right Now
22%
Warlock All We Are
22%
Jethro Tull Aqualung
22%
The Who Baba O'Reilly
22%
Bad Finger Baby Blue
22%
George Thorogood & The Destroyers Bad to the Bone
22%
L.A. Guns Ballad of Jayne
22%
Accept Balls to the Wall
22%
T. Rex Bang a Gong (Get it on)
22%
Manfred Mann's Earth Band Blinded by the Light
22%
Dokken Breaking the Chains
22%
REO Speedwagon Can't Fight this Feeling
22%
Kansas Carry on My Wayward Son
22%
Ted Nugent Cat Scratch Fever
22%
Anthrax Caught in a Mosh
22%
Dexy's Midnight Runners Come on Eileen
22%
Pantera Cowboys from Hell
22%
The Cars Drive
22%
Bad Company Feel Like Makin' Love
22%
Slaughter Fly to the Angels
22%
Tesla Hang Tough
22%
The Turtles Happy Together
22%
Asia Heat of the Moment
22%
Damn Yankees High Enough
22%
38 Special Hold On Loosely
22%
Misfits Hybrid Moments
22%
Sammy Hagar I Can't Drive 55
22%
Halestorm I Miss the Misery
22%
Iron Butterfly In a Gadda Da Vida
22%
Genesis Invisible Touch
22%
W.A.SP. I Wanna Be Somebody
22%
The Doobie Brothers Listen to the Music
22%
Nazareth Love Hurts
22%
Television Marquee Moon
22%
Mountain Mississippi Queen
22%
The Knack My Sharona
22%
Bob Seger and the Silver Bullet Band Old Time Rock n Roll
22%
Depeche Mode Personal Jesus
22%
Styx Renegade
22%
The Cult She Sells Sanctuary
22%
Rainbow Since You Been Gone
22%
Night Ranger Sister Christian
22%
Jefferson Airplane Somebody to Love
22%
Grand Funk Railroad Some Kind of Wonderful
22%
Cheap Trick Surrender
22%
Eddie Money Take Me Home Tonight
22%
Thin Lizzy The Boys are Back in Town
22%
Supertramp The Logical Song
22%
The Band The Weight
22%
Grateful Dead Touch of Grey
22%
Manowar Warriors of the World United
22%
Bad English When I See You Smile
22%
Cat Stevens Wild World
22%
Loverboy Working for the Weekend
22%
The Outfield Your Love
22%
King Crimson 21st Century Schizoid Man
11%
Chicago 25 or 6 to 4
11%
King Diamond Abigail
11%
Midnight Oil Beds are Burning
11%
Dead Kennedys California Uber Alles
11%
The Marshall Tucker Band Can't You See
11%
Eddie Cochran C'mon Everybody
11%
Rod Stewart Da Ya Think I'm Sexy?
11%
Traffic Dear Mr. Fantasy
11%
Vinnie Vincent's Invasion Dirty Rhythm
11%
Manfred Mann Do Wah Diddy Diddy
11%
Uriah Heep Easy livin'
11%
Vixen Edge of a Broken Heart
11%
STEELHEART Everybody Loves Eileen
11%
Bread Everything I Own
11%
Mercyful Fate Evil
11%
Triumph Fight the Good Fight
11%
Molly Hatchet Flirtin' with Disaster
11%
Enuff Z'nuff Fly High Michelle
11%
The Yardbirds For Your Love
11%
Vandenberg Freight Train
11%
Helloween Future World
11%
Britny Fox Girlschool
11%
Raspberries Go All the Way
11%
Winger Heading for a Heartbreak
11%
April Wine I like to Rock
11%
Pretenders I'll Stand By You
11%
XYZ Inside Out
11%
Status Quo In the Army
11%
Eric Clapton I Shot the Sheriff
11%
The Ozark Mountain Daredevils Jackie Blue
11%
Jefferson Starship Jane
11%
Three Dog Night Joy to the World
11%
Camel Lady Fantasy
11%
Smokie Living Next Door to Alice
11%
War Low Rider
11%
Y&T Mean Streak
11%
The Allman Brothers Band Midnight Rider
11%
The Byrds Mr. Tambourine Man
11%
Head East Never Been Any Reason
11%
The Moody Blues Nights in White Satin
11%
The Velvet Underground Oh Sweet Nuthin'
11%
Manfred Chapter Three One Way Glass
11%
Crosby, Stills, Nash, and Young Our House
11%
Steely Dan Peg
11%
Huey Lewis and the News Power of Love
11%
Saxon Princess in the Night
11%
Jackyl Push Comes to Shove
11%
Montrose Rock Candy
11%
Grim Reaper Rock You to Hell
11%
Exodus Salt the Wound
11%
Krokus Screaming in the Night
11%
The Black Crowes She Talks to Angels
11%
Queensryche Silent Lucidity
11%
Candlemass Solitude
11%
Stray Cats Stray Cat Strut
11%
Paper Lace The Night Chicago Died
11%
Arcade Fire The Suburbs
11%
Firehouse Don't Tread Me Bad
0%
No matching quizzes found
Score Distribution
Percent of People with Each Score
Percentile by Number Answered
Your Score History
You have not taken this quiz since the last reset